Quizzz: Coupes du Monde de Football (Pays) - Statistiques

Statistiques générales
  • Ce quiz a été pris 842 fois
  • Le résultat moyen est 7 sur 20
Statistiques - réponses
Réponse % Correct
Brésil
99%
Uruguay
66%
Pays-Bas
59%
Argentine
51%
Egypte
50%
Suède
45%
Sénégal
40%
France
39%
Mexique
35%
Indonésie
34%
Venezuela
31%
Cuba
30%
Corée du Nord
22%
Hongrie
22%
Panama - Islande
20%
Autriche
14%
Colombie
11%
Ecosse
10%
Etats-Unis
8%
Trinité-et-Tobago
7%
Aucun quiz correspondant
Distribution des résultats
% des personnes avec chaque résultat
Percentile par nombre de réponses
Votre historique - résultats
Vous n’avez pas pris ce quiz